Jeux vidéo en image - J - Statistiques

Statistiques générales
  • Ce quiz a été pris 86 fois
  • Le résultat moyen est 6 sur 20
Statistiques - réponses
Par images Réponse % Correct
Just Dance 2023 Edition
88%
JoJo’s Bizarre Adventure : Eyes of Heaven
85%
Jetpack Joyride
74%
Just Cause 3
74%
Jump Force
57%
Journey
54%
Jurassic World Evolution
53%
Jak and Daxter
30%
Jet Set Radio
23%
Job Simulator
22%
Jusant
19%
Jump King
18%
Just Die Already
9%
Judgment
5%
Just Shapes & Beats
5%
Jotun
3%
Journey To The Savage Planet
3%
Jade Empire
1%
Jalopy
1%
Jagged Alliance 3
0%
Aucun quiz correspondant
Distribution des résultats
% des personnes avec chaque résultat
Percentile par nombre de réponses
Votre historique - résultats
Vous n’avez pas pris ce quiz